Dario il grande : La poesia di Dario Bellezza /

محفوظ في:
التفاصيل البيبلوغرافية
المؤلف الرئيسي: Colasanti, Arnaldo
التنسيق: كتاب
اللغة:الإيطالية
منشور في: Forlì (FC) : Cartacanta, 2019
سلاسل:Bandiere
الموضوعات:
الوسوم: إضافة وسم
لا توجد وسوم, كن أول من يضع وسما على هذه التسجيلة!

MARC

LEADER 00000nam a22000007i 4500
001 IT\ICCU\PCM\0014398
003 ItRI
005 20260115232148.0
008 200108s2019 it |||||| |||||0|||||c
020 |a 9788885568525 
040 |b ita  |c importazione bologna sebina 
041 7 |a ita  |2 ISO-639-2 
082 |a 851.91409  |9 POESIA ITALIANA. 1945-1999. Storia, descrizione, studi critici  |2 21 
100 1 |a Colasanti, Arnaldo  |0 IT\ICCU\CFIV\118240 
240 1 0 |a Dario il grande  |3 IT\ICCU\PCM\0014399  |9 Colasanti, Arnaldo 
245 1 0 |a Dario il grande :  |b La poesia di Dario Bellezza /  |c Arnaldo Colasanti. 
260 |a Forlì (FC) :  |b Cartacanta,  |c 2019 
300 |a 211 p. ;  |c 21 cm 
650 7 |a Bellezza, Dario 
830 0 |a Bandiere  |0 IT\ICCU\USM\2006354 
942 |2 ddc  |c BK  |n 0 
952 |0 0  |1 0  |4 0  |6 DOC_851_914000000000000_COL  |7 0  |9 21203  |a BO  |b BO  |d 2026-01-15  |i 19747  |l 0  |o DOC 851.914 COL  |p BO19747  |r 2026-01-15 23:21:48  |w 2026-01-15  |x [Sebina 5] [1 v.]  |y BK  |z 1 v. 
999 |c 18119  |d 18119